Logo BPK

Biblioteka

Politechniki Koszalińskiej

Analiza wpływu prędkości odkształcenia na zniszczenie / (Rekord nr 21333)

Szczegóły MARC
000 -ETYKIETA REKORDU
podpole kontrolne o stałej długości 00383nam a2200145 i 4500
001 - NUMER KONTROLNY REKORDU
pole kontrolne bg
040 ## - ŹRÓDŁO KATALOGOWANIA
Instytucja, która utworzyła rekord BPK
041 ## - KOD JĘZYKA
Kod języka tekstu pol
008 - POLE O STAŁEJ DŁUGOŚCI - DANE KONTROLNE
podpole kontrolne o stałej długości s pl f |000 0 pol
100 1# - NAZWA OSOBOWA
Nazwa osobowa PERZYNA, P.
245 #0 - TYTUŁ/ODPOWIEDZIALNOŚĆ
Tytuł Analiza wpływu prędkości odkształcenia na zniszczenie /
Pozostałe elementy strefy tytułu i oznaczenia odpowiedzialności P. Perzyna, R.B. Pęcherski.
260 ## - STREFA ADRESU WYDAWNICZEGO
Miejsce wydania Warszawa,
Data publikacji, dystrybucji/powstania dokumentu 1979.
700 1# - HASŁO DODATKOWE - NAZWA OSOBOWA
Nazwa osobowa PĘCHERSKI, R. B.
856 ## - LOKALIZACJA I DOSTĘP DO ELEKTRONICZNYCH DOKUMENTÓW ZDALNYCH
Link (URL) http://koha.tu.koszalin.pl/cgi-bin/koha/opac-detail.pl?biblionumber=21333
Tekst linku Katalog online BPK
942 ## - DODATKOWE ELEMENTY (KOHA)
Typ dokumentu Książka
Egzemplarze
Wycofany Status egzemplarza Uszkodzony Dostępność Lokalizacja stała Lokalizacja bieżąca Miejsce przechowywania Sygnatura Kod kreskowy Typ dokumentu
      Dostępny Biblioteka Politechniki Koszalińskiej Biblioteka Politechniki Koszalińskiej Wypożyczalnia BG 29931 01210873 Książka
© 2023 Biblioteka Politechniki Koszalińskiej :: KOHA